Artificial intelligence

Αποθηκεύτηκε σε:
Λεπτομέρειες βιβλιογραφικής εγγραφής
Κύριος συγγραφέας: Winston, Patrick Henry
Μορφή: Βιβλίο
Γλώσσα:English
Δημοσίευση: Reading, Mass. : Addison-Wesley, 1984
Έκδοση:2nd ed.
Θέματα:
Ετικέτες: Προσθήκη ετικέτας
Δεν υπάρχουν, Καταχωρήστε ετικέτα πρώτοι!

MARC

LEADER 00000nam a2200000 i 4500
001 1/47760
008 941103s1984 eng d
020 |a 0-201-08259-4 
035 |a 1988  |b 3  |c Αγορά/Ανθουλιάς  |l 10026555 
035 |a 1988  |b 3  |c Αγορά 
035 |a 1995 
040 |a GR-MY-UA  |b gre  |e aacr 
041 0 |a eng 
082 0 |a 006.3 
100 1 |a Winston, Patrick Henry. 
245 1 0 |a Artificial intelligence /  |c Patrick Henry Winston 
250 |a 2nd ed. 
260 |a Reading, Mass. :   |b Addison-Wesley,   |c 1984 
300 |a 524 σ.;  |c 24 εκ. 
504 |a Περιλαμβάνει βιβλιογραφικές παραπομπές και ευρετήριο 
650 0 0 |a Artificial intelligence. 
852 |a INST  |b CHIOS  |e 19970620  |h 006.3 WIN  |p 005200010573  |q 005200010573  |t BK  |y 0 
852 |a INST  |b RHODES  |e 19960614  |h 006.3 WIN  |p 005400003057  |q 005400003057  |t BK  |y 0 
852 |a INST  |b SAMOS  |e 19941103  |h 006.3 WIN  |p 005300002322  |q 005300002322  |t BK  |y 0 
909 |a Χ  |b 003968 
909 |a Σ  |b 007667 
909 |a Ρ  |b 011939  |c 1988